Features on Playboi Carti Albums - Statistics

General Stats
  • This quiz has been taken 213 times
    155 since last reset
  • The average score is 27 of 34
Answer Stats
Song Answer % Correct
Lookin Lil Uzi Vert
97%
Wokeuplikethis* Lil Uzi Vert
97%
Shoota Lil Uzi Vert
97%
JUMPIN Lil Uzi Vert
97%
TWIN TRIM Lil Uzi Vert
97%
Teen X Future
92%
CHARGE DEM HOES A FEE Future
92%
TRIM Future
92%
Love Hurts Travis Scott
92%
CRUSH Travis Scott
92%
PHILLY Travis Scott
92%
Travis Scott
92%
WAKE UP F1LTHY Travis Scott
92%
BACKD00R Kendrick Lamar
90%
GOOD CREDIT Kendrick Lamar
90%
RATHER LIE The Weeknd
89%
Go2DaMoon Kanye West
88%
Lean 4 Real Skepta
87%
TOXIC Skepta
87%
Choppa Won't Miss Young Thug
86%
WE NEED ALL DA VIBES Young Thug
86%
Fell In Luv Bryson Tiller
71%
New Choppa A$AP Rocky
70%
M3tamorphosis Kid Cudi
70%
Poke It Out Nicki Minaj
70%
R.I.P Fredo Young Nudy
62%
Mileage Chief Keef
61%
No Time Gunna
61%
Right Now Pi'erre Bourne
61%
Top Pi'erre Bourne
61%
Ty Dolla $ign
57%
Jhené Aiko
47%
Middle Of The Summer Red Coldhearted
37%
Flex Leven Kali
33%
No matching quizzes found
Score Distribution
Percent of People with Each Score
Percentile by Number Answered
Your Score History
You have not taken this quiz since the last reset